The Hunger Games Characters Quiz Stats

 Plays Quiz not verified by Sporcle

Support Sporcle.
Go Orange.
Score 0/26 Timer 06:00
0 Plays Today
Description Character % Correct
Long black hair, olive skin, grey eyesKatniss Everdeen
94.4%
Stocky build, ash blond hair, blue eyesPeeta Mellark
92.6%
Paunchy, middle aged manHaymitch Abernathy
85.3%
Short black hair, olive skin, grey eyesGale Hawthorne
82.2%
Blond hair, blue eyes, face like a teardropPrimrose Everdeen
78.6%
Smells like blood and rosesPresident Coriolanus Snow
76.1%
Looks fox-likeFoxface
68.8%
Bright pink hair, then later goldEffie Trinket
57%
Dark brown skin, strong buildThresh
56.1%
Tall, blond hair, green eyesGlimmer
48.5%
Dark brown hair, bright green eyes, golden eyelinerCinna
45.2%
dark skin, dark brown hair, golden eyesRue
44.7%
Green skinOctavia
44.5%
Description Character % Correct
Tall, tan skin, green eyes, bronze hairFinnick Odair
41.1%
Older, dark hair, pale skin, glassesBeetee
40%
Orange hairFlavius
38.5%
Heavily powdered face, blue hair for the 74th Hunger GamesCaesar Flickerman
37.9%
Golden tatooesVenia
36.8%
Long grey hair, perfectly uniformAlma Coin
36.5%
Beautiful, with long blond curlsCashmere
30.3%
Surgically altered face:feline qualitiesTigris
30.1%
Tan skin, dark green eyes, slightly madAnnie Cresta
28.9%
Long dark hair, pale skinWiress
25.7%
Red hair, pale skin, porcelain features, no tongueLavinia
24.3%
Tall, brown hair, tan skinJohanna
22%
Lumpy, with a pasty face, dull yellow hair, green eyesDelly Cartwright
18.4%

You're not logged in!

Compare scores with friends on all Sporcle quizzes.
OR
Log In

From the Vault

5-Star Christmas Songs

by manonthemoon

All we want for Christmas is for you to play this quiz.
Remove Ads.
Support Sporcle.
Get the best of Sporcle when you Go Orange. This ad-free experience offers more features, more stats, and more fun while also helping to support Sporcle. Thank you for becoming a member.

Show Comments

Extras

Top Quizzes Today


Score Distribution

Your Account Isn't Verified!

In order to create a playlist on Sporcle, you need to verify the email address you used during registration. Go to your Sporcle Settings to finish the process.

Report this User

Report this user for behavior that violates our Community Guidelines.

Details: